Man and his work: a volume in memory of G. Parthasarathi (Record no. 2252)

MARC details
000 -LEADER
fixed length control field 00435nam a2200157Ia 4500
020 ## - INTERNATIONAL STANDARD BOOK NUMBER
ISBN 81-224-1139-6
082 ## - DEWEY DECIMAL CLASSIFICATION NUMBER
Classification number 923.354 PAR-M
100 ## - MAIN ENTRY--AUTHOR NAME
Personal name Parthasarathi, G.
245 #0 - TITLE STATEMENT
Title Man and his work: a volume in memory of G. Parthasarathi
260 ## - PUBLICATION, DISTRIBUTION, ETC. (IMPRINT)
Place of publication New Delhi
Name of publisher New Age International
Year of publication 1998
300 ## - PHYSICAL DESCRIPTION
Number of Pages 385p.
650 ## - SUBJECT ADDED ENTRY--TOPICAL TERM
Topical Term Politicians - India
650 ## - SUBJECT ADDED ENTRY--TOPICAL TERM
Topical Term Parthasarathi, G. - Biography
700 ## - ADDED ENTRY--PERSONAL NAME
Personal name Prasad, H.Y. Sharada
942 ## - ADDED ENTRY ELEMENTS (KOHA)
Koha item type Books
Holdings
Withdrawn status Lost status Damaged status Not for loan Home library Current library Date acquired Bill Date Full call number Accession Number Price effective from Koha item type
        NASSDOC Library NASSDOC Library 08/06/2004 2004-10-05 923.354 PAR-M 36749 18/04/2019 Books